000 01808cam a22003131i 4500
003 SA-RiAUC
005 20250301182348.0
008 241217s1977 su g b 00010dara c
040 _aSA-JeALM
_bara
_cSA-RiAUC
_erda
043 _aa-su---
082 0 4 _a915.3121
_qSA-RiAUC
090 _a915.3121
_bا ر س
100 1 _aأرسلان، شكيب،
_cالأمير،
_d1869-1946
_eمؤلف.
245 1 2 _aالارتسامات اللطاف في خاطر الحاج إلى أقدس مطاف :
_bوهي الرحلة الحجازية لأمير البيان ونادرة الزمان الأمير شكيب أرسلان /
_cصححه وعلق عليه عبد الرزاق محمد سعيد حسن كمال،
250 _aالطبعة الثانية.
264 1 _aالقاهرة :
_bدار الشعب،
_c1977
300 _a356 صفحة ؛
_c24 سم
336 _aنص
_btxt
_2rdacontent
_3كتاب
337 _aبدون وسيط
_bn
_2rdamedia
338 _aمجلد
_bnc
_2rdacarrier
500 _aملاحظات الشيخ رحمه الله . عن تحديد عرفات ومزدلفة ومنى كما قررته الهيئة العلمية ص 58
504 _aيشتمل على إرجاعات ببليوجرافية.
651 7 _aالحجاز (السعودية)
_xوصف ورحلات
_2aucsh
651 7 _aمكة المكرمة
_xوصف ورحلات
_2aucsh
700 1 2 _iتحقيق لـ عمل) :
_aأرسلان، شكيب،
_cالأمير،
_d1869-1946
_tالارتسامات اللطاف في خاطر الحاج إلى أقدس مطاف وهي الرحلة الحجازية لأمير البيان ونادرة الزمان الأمير شكيب أرسلان
700 1 _aكمال، عبد الرزاق محمد سعيد
_eمحقق.
942 _2ddc
_cBOOK
_n0
949 _aSA-JeALM
_d241217
_uosman123
_n1
999 _c6229
_d6229